[Event "Liberec Region-chT 2223"]
[Site "Czech Republic"]
[Date "2023.03.19"]
[Round "10.7"]
[White "Cyhelsky, Ludek"]
[Black "Blazek, Tomas1111"]
[Result "0-1"]
[WhiteElo "1380"]
[BlackElo "1798"]
[PlyCount "78"]
[EventDate "2022.10.09"]
[EventType "team-tourn"]
[EventRounds "11"]
[EventCountry "CZE"]
[SourceTitle "EXT 2024"]
[Source "ChessBase"]
[SourceDate "2023.10.10"]
[SourceVersion "1"]
[SourceVersionDate "2023.10.10"]
[SourceQuality "1"]

1. d4 Nf6 2. Bf4 c5 3. e3 g6 4. dxc5 Bg7 5. c3 a5 6. Bxb8 Rxb8 7. Qa4 0-0 8. Nd2 Qc7 9. Nb3 Ra8 10. Bd3 Rd8 11. Ne2 d6 12. cxd6 Rxd6 13. Nbd4 e5 14. Nb5 Qc6 15. 0-0-0 Bd7 16. c4 Rc8 17. Qc2 Rxd3 18. Rxd3 Bf5 19. Rhd1 Bxd3 20. Rxd3 Qxg2 21. Nd6 Rd8 22. c5 Bf8 23. f4 exf4 24. Nxf4 Qh1+ 25. Rd1 Qc6 26. Qc3 Bxd6 27. Qxf6 Qxc5+ 28. Kb1 Rc8 29. Qc3 Qxc3 30. bxc3 Bxf4 31. exf4 Rxc3 32. Rd5 b6 33. f5 Rc5 34. Rd8+ Kg7 35. fxg6 hxg6 36. Rd1 f5 37. h4 Kh6 38. Rd6 b5 39. Rd2 Kh5 0-1